Matrimonio para todas y todos Ley de igualdad Aportes para el debate
Saved in:
| Institution som forfatter: | |
|---|---|
| Format: | Bog |
| Sprog: | engelsk |
| Udgivet: |
Buenos Aires
Federacion Argentina LGBT
2010
|
| Tags: |
Ingen Tags, Vær først til at tagge denne postø!
|
MARC
| LEADER | 00000nam a2200000 4500 | ||
|---|---|---|---|
| 005 | 20240529203202.0 | ||
| 008 | 240529b |||||||| |||| 00| 0 eng d | ||
| 040 | |c GP | ||
| 110 | |a Federacion Argentina LGBT | ||
| 245 | |a Matrimonio para todas y todos Ley de igualdad |b Aportes para el debate | ||
| 260 | |a Buenos Aires |b Federacion Argentina LGBT |c 2010 | ||
| 942 | |2 ddc |c BK |n 0 | ||
| 952 | |0 0 |1 0 |2 ddc |4 0 |6 306_848000000000000_FED |7 1 |9 1335 |a RM |b RM |d 2024-05-29 |l 0 |o 306.848 FED |p 171 |r 2024-05-29 20:32:23 |w 2024-05-29 |y BK | ||
| 999 | |c 1232 |d 1232 | ||